Sales Management Analysis And Decision Making (Record no. 116106)

MARC details
000 -LEADER
fixed length control field 00358pam a2200145 a 4500
020 ## - INTERNATIONAL STANDARD BOOK NUMBER
Terms of availability
041 ## - LANGUAGE CODE
Language code of original
082 ## - DEWEY DECIMAL CLASSIFICATION NUMBER
Classification number 658.80999999999995
Item number THO
100 ## - MAIN ENTRY--PERSONAL NAME
Personal name Thomas, N, Ingram
245 ## - TITLE STATEMENT
Title Sales Management Analysis And Decision Making
Medium Textual Documents
260 ## - PUBLICATION, DISTRIBUTION, ETC.
Place of publication, distribution, etc. Londan
Name of publisher, distributor, etc. The Dryden Press
300 ## - PHYSICAL DESCRIPTION
Extent 426
700 ## - ADDED ENTRY--PERSONAL NAME
Personal name Laforge, R, W
930 ## - EQUIVALENCE OR CROSS-REFERENCE-UNIFORM TITLE HEADING [LOCAL, CANADA]
Uniform title 9281
Holdings
Withdrawn status Lost status Damaged status Not for loan Collection Home library Current library Shelving location Date acquired Source of acquisition Cost, normal purchase price Total Checkouts Full call number Barcode Date last seen Copy number Price effective from Koha item type
          Abhijit Kadam Institute of Management & Social Science, Solapur Abhijit Kadam Institute of Management & Social Science, Solapur   27/08/1996 Shri Mahalaxmi Stationers And Book Sellers 1890.00   658.80999999999995 THO AKS-M-03081 01/03/2023 1 01/03/2023 Book